|
|
|
|
| LEADER |
00843cam a2200229 7i4500 |
| 001 |
0000021260 |
| 005 |
20080528090000.0 |
| 020 |
0 |
0 |
|a 983-43292-0-2
|
| 090 |
0 |
0 |
|a B 658.18
|b ABD
|
| 100 |
2 |
0 |
|a Abdulai
|
| 245 |
0 |
0 |
|a Going international :
|b practical lessons for Malaysian companies.
|
| 260 |
0 |
0 |
|a Kelana Jaya:
|b The Exporters Club,
|c 2006.
|
| 300 |
# |
# |
|a 64 p.
|
| 650 |
0 |
0 |
|a Cross --
|x Cultural communications
|
| 650 |
0 |
0 |
|a Negotiating tips --
|x International negotiations
|
| 650 |
0 |
0 |
|a Despule resolution
|
| 650 |
0 |
0 |
|a Malaysia business --
|x Gong international
|
| 650 |
0 |
0 |
|a Marketing international --
|x Product and services
|
| 650 |
0 |
0 |
|a Joint ventures --
|x Way to go international
|
| 700 |
2 |
1 |
|a Abdul Kabur Ibrahim
|
| 999 |
|
|
|a B000022246
|b Book
|c Book
|e Business Information Centre
|
| 999 |
|
|
|a B000022245
|b Book
|c Book
|e Business Information Centre
|